| 000 | 01418nam0a2200349 4500 | ||
|---|---|---|---|
| 001 | RU\NLR\bibl\968151 | ||
| 005 | 20250614210355.0 | ||
| 010 |
_a5-94074-083-9 _91000 |
||
| 021 |
_aRU _b2006-28956 _91443 |
||
| 035 | _a(NLR Aleph) 000956126 | ||
| 090 |
_a310309 _c310309 |
||
| 100 | _a20060717d2006 |||y0rusy50 ca | ||
| 101 | 1 |
_arus _cund |
|
| 102 | _aRU | ||
| 105 | _aa ||||||||| | ||
| 200 | 1 |
_aСкользкие места C++ _eкак избежать проблем при проектировании и компиляции ваших программ _fСтефан К. Дьюхэрст _g[пер. Слинкин А.А.] |
|
| 210 |
_aМосква _cДМК Пресс _d2006 |
||
| 215 |
_a263 с. _cил. _d24 |
||
| 225 | 1 | _aПрофессиональная серия от Addison-Wesley | |
| 300 | _aЗагл. и авт. ориг.: C++ Gotchas/ S.C. Dewhurst | ||
| 320 | _aБиблиогр.: с. 252 | ||
| 320 | _aПредм. указ.: с. 253-263 | ||
| 454 | 0 |
_12001#$aC++ Gotchas$fS.C. Dewhurst _1700#1$aDewhurst$bS. C.$gStephen C$4070 _tC++ Gotchas _aDewhurst, Stephen C |
|
| 606 | 1 |
_aC++, язык программирования _92072018 _3RU\NLR\auth\661246828 |
|
| 686 | _aЗ973.23-018.1 | ||
| 700 | 1 |
_aДьюхэрст _bС. К. _gСтефан _4070 |
|
| 801 | 0 |
_aRU _bNLR _c20060717 _grcr |
|
| 801 | 1 |
_aRU _bNLR _c20060717 |
|
| 830 | _aпо кн | ||
| 942 | _cBOOK | ||
| 980 | _aNB | ||